LEADER 01423nam a2200325 u 4500 001 000000086999 003 CaOOAMICUS 005 20070226124347.0 008 051007s2002 it u000 u ita u 020 $a8839406433 035 $a11062223 040 $aPUL$bita$dPUL 041 1 $aita$hger 100 1 $aKaiser, Otto,$d1924-2017.$0(OLS)http://pul/name/36239 240 10$aProphet Jesaja. Kapitel 13-39.$lItaliano.$0(OLS)http://pul/title/112641 245 10$aIsaia :$b(capp. 13-39) /$ctraduzione e commento di Otto Kaiser ; traduzione italiana di Aldo Audisio ; edizione italiana a cura di Corrado Martone. 260 $aBrescia :$bPaideia,$cc2002. 300 $a501 p. ;$c21 cm 490 1 $aAntico Testamento ;$v18 504 $aBibliografia a pič pagina. 630 04$aBiblia.$pV.T.$pIsaias.$nXIII-XXXIX.$0(OLS)http://pul/subject/28929 700 1 $aMartone, Corrado,$d1963-$0(OLS)http://pul/name/39564 700 1 $aAudisio, Aldo.$0(OLS)http://pul/name/12101 830 0$aAntico Testamento ;$v18.$0(OLS)http://pul/title/18620 850 $aPUL 852 $aPUL$W1$xSL Religione 1$y3$m1(6) H 18$j120170$nBK-PRI$qStampati$B110351$CPULBib$Z2$F110351 $H98638 $82 941 1 $a8 996 $6020$a8839406433$9(OLS)http://pul/number/114692 996 $6245$aIsaia :$b(capp. 13-39)$9(OLS)http://pul/title/112642 996 $6260$aBrescia :$bPaideia$9(OLS)http://pul/publisher/47884 LEADER 01875nam a2200325 a 4500 001 000000135851 003 CaOOAMICUS 005 20131021115850.0 008 131021s2013 it af u000 u ita r 020 $a978-88-7016-946-1 040 $aPUL$bita 082 04$a262.1 100 1 $aPapini, Carlo,$d1933-2020.$0(OLS)http://pul/name/65521 245 10$aOrigine e sviluppo del potere temporale dei papi (650-850) :$bun'epoca di falsi abilmente costruiti, che hanno inciso sul corso della storia: il Constitutum Constantini (Roma, 752-753), il Pactum seu Promissio Pippini (Roma, 816) e le Decretali dello Pseudo-Isidoro (Reims, 850 ca) /$cCarlo Papini ; prefazione di Lothar Vogel. 260 $aTorino :$bClaudiana,$c©2013. 300 $a7, II, 297 p., [4] c. di tav. :$bill. ;$c24 cm 490 1 $aStudi storici. Saggi 504 $aBibliografia p. 273-275. 610 24$aChiesa cattolica$xStoria.$0(OLS)http://pul/subject/5938 650 4$aPapato$xPotere temporale.$0(OLS)http://pul/subject/38209 700 1 $aVogel, Lothar,$d1966-$0(OLS)http://pul/name/48348 830 0$aStudi storici (Claudiana).$pSaggi.$0(OLS)http://pul/title/145969 850 $aPUL 852 $aPUL$W1$xSL Religione 3$y85$m262. 1 PAPCA 1$j156676$qDDC 21$B156016$CPULBib$Z2$F156016 $H123062 $82 941 1 $a9 996 $6020$a978-88-7016-946-1$9(OLS)http://pul/number/153762 996 $6082$a262.1$9(OLS)http://pul/classification/2551 996 $6245$aOrigine e sviluppo del potere temporale dei papi (650-850) :$bun'epoca di falsi abilmente costruiti, che hanno inciso sul corso della storia: il Constitutum Constantini (Roma, 752-753), il Pactum seu Promissio Pippini (Roma, 816) e le Decretali dello Pseudo-Isidoro (Reims, 850 ca)$9(OLS)http://pul/title/171751 996 $6260$aTorino :$bClaudiana$9(OLS)http://pul/publisher/48072